Т. 19, вып. 4; Письма в Журнал технической физики

מידע ביבליוגרפי
Parent link:Письма в Журнал технической физики/ Российская академия наук (РАН), Физико-технический институт им. А. Ф. Иоффе (ФТИ) ; Отделение общей физики и астрономии РАН. Т. 19, вып. 4.— , 1975-.— 0320-0116
שפה:רוסית
יצא לאור: 1993
פורמט: MixedMaterials ספר
KOHA link:https://koha.lib.tpu.ru/cgi-bin/koha/opac-detail.pl?biblionumber=440734

MARC

LEADER 00000nam2a2200000 4500
001 440734
005 20231101081307.0
035 |a (RuTPU)RU\TPU\prd\102201 
035 |a RU\TPU\prd\102198 
090 |a 440734 
100 |a 20110310a19759999k y0rusy50 ca 
101 0 |a rus 
102 |a RU 
200 0 |a Т. 19, вып. 4 
210 |d 1993 
461 1 |0 (RuTPU)RU\TPU\prd\486  |x 0320-0116  |t Письма в Журнал технической физики  |f Российская академия наук (РАН), Физико-технический институт им. А. Ф. Иоффе (ФТИ) ; Отделение общей физики и астрономии РАН  |v Т. 19, вып. 4  |d 1975- 
801 0 |a RU  |b 63413507  |c 20010227  |g PSBO 
801 1 |a RU  |b 63413507  |c 20020403  |g PSBO 
801 2 |a RU  |b 63413507  |c 20110310  |g PSBO 
942 |c BK 
999 |a НТБ_ТПУ  |b НФ  |e -8/20110111  |p П-1897А  |u 0,00  |v 1